000 00361nam a2200157Ia 4500
008 151213s9999 xx 000 0 und d
100 _aA.V.Saevs
245 _aGulliver's Travels Notes
_cA.V.Saevs
250 _a1st
260 _aU.S.A
_bLincoin
_c1969
300 _a2472 p.
650 _aEnglish
650 _aEnglish
700 _aA.V.Saevs
999 _c1703
_d1703